[Event "DEM U18w 2017"]
[Site "Willingen GER"]
[Date "2017.06.06"]
[Round "4"]
[White "Kümmel, Tina"]
[Black "Hartmann, Cora"]
[Result "0-1"]
[Termination "normal"]
[Board "10"]
[WhiteElo "1433"]
[BlackElo "1788"]
[PlyCount "64"]
[WhiteFideId "12979368"]
[BlackFideId "16200764"]
[EventCountry "GER"]
[EventRounds "9"]
[EventType "swiss"]
[EventDate "2017.06.03"]

1. Nf3 c5 2. g3 Nc6 3. Bg2 e5 4. d3 g6 5. c4 Bg7 6. Nc3 Nge7 7. O-O O-O 8. a3
d6 9. Rb1 f5 10. e3 h6 11. Bd2 g5 12. b4 Ng6 13. Nd5 Nce7 14. Ne1 Rb8 15. f4
exf4 16. gxf4 g4 17. Bc3 Nxd5 18. Bxd5+ Kh7 19. Bxg7 Kxg7 20. Qd2 Re8 21. d4
cxb4 22. axb4 Be6 23. Bxe6 Rxe6 24. Ng2 h5 25. Qd3 Qf6 26. Rfc1 h4 27. d5 Re4
28. Qc3 h3 29. Ne1 Rbe8 30. Qxf6+ Kxf6 31. Nc2 Rxc4 32. Kf2 Rec8 0-1

[Event "DEM U18w 2017"]
[Site "Willingen GER"]
[Date "2017.06.06"]
[Round "4"]
[White "Gatzke, Carolin"]
[Black "Fock, Amina"]
[Result "1-0"]
[Termination "normal"]
[Board "11"]
[WhiteElo "1778"]
[BlackElo "1592"]
[PlyCount "73"]
[WhiteFideId "12943746"]
[BlackFideId "12981982"]
[EventCountry "GER"]
[EventRounds "9"]
[EventType "swiss"]
[EventDate "2017.06.03"]

1. e4 d5 2. exd5 Qxd5 3. Nc3 Qd6 4. d4 Nf6 5. Nf3 a6 6. a4 Bg4 7. h3 Bh5 8. Be2
Nc6 9. O-O O-O-O 10. Be3 Bxf3 11. Bxf3 Nxd4 12. Bxd4 Qxd4 13. Qe2 e6 14. Bxb7+
Kxb7 15. Rfd1 Bc5 16. Qf3+ c6 17. Rxd4 Rxd4 18. Ne2 Rb4 19. Nf4 Be7 20. Nd3 Re4
21. b4 Kb6 22. c3 Rd8 23. Re1 Rxe1+ 24. Nxe1 Rd5 25. Nd3 Bd6 26. Qe3+ c5 27.
Kf1 Kc6 28. Qf3 Kb6 29. a5+ Kb5 30. bxc5 Bxc5 31. Nxc5 Kxc5 32. Qf4 Rf5 33.
Qd4+ Kb5 34. Qb4+ Kc6 35. Qb6+ Kd7 36. Qxa6 Ne4 37. Qb7+ 1-0

[Event "DEM U18w 2017"]
[Site "Willingen GER"]
[Date "2017.06.06"]
[Round "4"]
[White "Silber, Stefanie"]
[Black "Caliebe, Nanke"]
[Result "1-0"]
[Termination "normal"]
[Board "12"]
[WhiteElo "1644"]
[BlackElo "1447"]
[PlyCount "61"]
[WhiteFideId "12918245"]
[BlackFideId "12980528"]
[EventCountry "GER"]
[EventRounds "9"]
[EventType "swiss"]
[EventDate "2017.06.03"]

1. e4 c5 2. Nf3 a6 3. d4 cxd4 4. Nxd4 e5 5. Nf5 d5 6. c3 Nf6 7. Bg5 Qb6 8. Bxf6
gxf6 9. Ne3 Bc5 10. exd5 Qxb2 11. Nc2 Qb6 12. Qf3 Rg8 13. Nd2 h5 14. Rb1 Qa5
15. Bc4 b5 16. Bb3 Qb6 17. Ne4 Bg4 18. Nxf6+ Kf8 19. Nxg4 Rxg4 20. O-O Rf4 21.
Qxh5 Bxf2+ 22. Kh1 Rh4 23. Qxe5 Bc5 24. Qf5 Qc7 25. d6 Bxd6 26. Qxf7+ Qxf7 27.
Rxf7+ Ke8 28. Re1+ Kd8 29. h3 Nc6 30. Rd1 Rh6 31. Rf8+ 1-0

[Event "DEM U18w 2017"]
[Site "Willingen GER"]
[Date "2017.06.06"]
[Round "4"]
[White "Shirov-Michna, Masza"]
[Black "Schiewe, Nadin"]
[Result "1/2-1/2"]
[Termination "normal"]
[Board "13"]
[WhiteElo "1343"]
[BlackElo "1325"]
[PlyCount "47"]
[WhiteFideId "12921998"]
[BlackFideId "16209079"]
[EventCountry "GER"]
[EventRounds "9"]
[EventType "swiss"]
[EventDate "2017.06.03"]

1. d4 d5 2. e3 e6 3. f4 Bd6 4. Nf3 f5 5. Nbd2 Nf6 6. c4 c6 7. Be2 Ne4 8. O-O
O-O 9. Qb3 Kh8 10. Ne5 b6 11. Ndf3 Bb7 12. Bd2 Nd7 13. Be1 Rc8 14. Bh4 Be7 15.
Bxe7 Qxe7 16. Nxd7 Qxd7 17. Ne5 Qe7 18. Rad1 Rc7 19. Rf3 Qh4 20. Bd3 Rfc8 21.
Bxe4 fxe4 22. Rh3 Qf6 23. c5 b5 24. a4 1/2-1/2

[Event "DEM U18w 2017"]
[Site "Willingen GER"]
[Date "2017.06.08"]
[Round "7"]
[White "Rogozenco, Teodora"]
[Black "Gatzke, Carolin"]
[Result "1-0"]
[Termination "normal"]
[Board "1"]
[WhiteTitle "WFM"]
[WhiteElo "2139"]
[BlackElo "1778"]
[WhiteClock "00:22:15"]
[BlackClock "00:56:30"]
[PlyCount "51"]
[WhiteFideId "12938084"]
[BlackFideId "12943746"]
[EventCountry "GER"]
[EventRounds "9"]
[EventType "swiss"]
[EventDate "2017.06.03"]

1. d4 {[%clk 1:30:57]} 1... Nf6 {[%clk 1:30:54]} 2. c4 {[%clk 1:31:23]} 2... e6
{[%clk 1:31:17]} 3. Nc3 {[%clk 1:31:07]} 3... Bb4 {[%clk 1:31:37]} 4. Qc2 {
[%clk 1:30:27]} 4... c5 {[%clk 1:31:43]} 5. dxc5 {[%clk 1:30:42]} 5... O-O {
[%clk 1:31:53]} 6. Nf3 {[%clk 1:30:52]} 6... Na6 {[%clk 1:31:57]} 7. g3 { [%clk
1:31:16]} 7... Nxc5 {[%clk 1:31:56]} 8. Bg2 {[%clk 1:31:41]} 8... Nce4 { [%clk
1:32:05]} 9. O-O {[%clk 1:32:05]} 9... Nxc3 {[%clk 1:32:08]} 10. bxc3 { [%clk
1:32:30]} 10... Bc5 {[%clk 1:32:23]} 11. e4 {[%clk 1:23:18]} 11... d6 { [%clk
1:32:33]} 12. e5 {[%clk 1:21:16]} 12... dxe5 {[%clk 1:32:44]} 13. Nxe5 { [%clk
1:21:41]} 13... Qc7 {[%clk 1:33:02]} 14. Re1 {[%clk 1:07:05]} 14... Bd6 { [%clk
1:33:14]} 15. Qe2 {[%clk 1:03:21]} 15... Nd7 {[%clk 1:32:21]} 16. Bf4 { [%clk
1:03:45]} 16... Nxe5 {[%clk 1:32:44]} 17. Bxe5 {[%clk 1:04:11]} 17... Bxe5
{[%clk 1:33:09]} 18. Qxe5 {[%clk 1:04:36]} 18... Qxc4 {[%clk 1:33:34]} 19. Rad1
{[%clk 1:02:53]} 19... Qxa2 {[%clk 1:33:43]} 20. Qc7 {[%clk 0:44:11]} 20... Qb2
{[%clk 1:33:55]} 21. Re5 {[%clk 0:28:07]} 21... Qb6 {[%clk 1:30:08]} 22. Qe7
{[%clk 0:28:31]} 22... h6 {[%clk 1:21:32]} 23. Be4 {[%clk 0:28:09]} 23... f5
{[%clk 1:05:20]} 24. Bf3 {[%clk 0:26:51]} 24... Rf7 {[%clk 0:56:07]} 25. Rd8+
{[%clk 0:22:10]} 25... Kh7 {[%clk 0:56:30]} 26. Qe8 {[%clk 0:22:15]} 1-0

[Event "DEM U18w 2017"]
[Site "Willingen GER"]
[Date "2017.06.08"]
[Round "7"]
[White "Moses, Selina"]
[Black "Weis, Olga"]
[Result "0-1"]
[Termination "normal"]
[Board "3"]
[WhiteElo "1948"]
[BlackElo "1871"]
[WhiteClock "00:22:10"]
[BlackClock "00:21:11"]
[PlyCount "106"]
[WhiteFideId "12908070"]
[BlackFideId "1270234"]
[EventCountry "GER"]
[EventRounds "9"]
[EventType "swiss"]
[EventDate "2017.06.03"]

1. e4 {[%clk 1:30:58]} 1... e5 {[%clk 1:30:55]} 2. Nf3 {[%clk 1:31:23]} 2...
Nc6 {[%clk 1:31:19]} 3. Bb5 {[%clk 1:31:49]} 3... a6 {[%clk 1:31:44]} 4. Bxc6 {
[%clk 1:32:15]} 4... dxc6 {[%clk 1:32:09]} 5. O-O {[%clk 1:32:37]} 5... Bd6 {
[%clk 1:32:22]} 6. d4 {[%clk 1:30:48]} 6... exd4 {[%clk 1:32:30]} 7. Qxd4 {
[%clk 1:30:59]} 7... f6 {[%clk 1:32:40]} 8. h3 {[%clk 1:28:30]} 8... Ne7 {
[%clk 1:30:04]} 9. Nc3 {[%clk 1:27:34]} 9... Be6 {[%clk 1:26:33]} 10. Be3 {
[%clk 1:25:49]} 10... Ng6 {[%clk 1:20:25]} 11. Qd2 {[%clk 1:20:51]} 11... O-O {
[%clk 1:14:34]} 12. Rad1 {[%clk 1:18:00]} 12... f5 {[%clk 1:00:16]} 13. exf5 {
[%clk 0:59:57]} 13... Bxf5 {[%clk 1:00:07]} 14. Nd4 {[%clk 1:00:04]} 14... Qd7
{[%clk 0:57:39]} 15. Nxf5 {[%clk 0:56:44]} 15... Qxf5 {[%clk 0:57:44]} 16. Ne2
{[%clk 0:53:32]} 16... Nh4 {[%clk 0:39:30]} 17. Qd4 {[%clk 0:46:02]} 17... Nxg2
{[%clk 0:36:30]} 18. Kxg2 {[%clk 0:34:27]} 18... Qf3+ {[%clk 0:36:40]} 19. Kg1
{[%clk 0:34:35]} 19... Qxe2 {[%clk 0:36:39]} 20. Rd2 {[%clk 0:30:56]} 20... Qh5
{[%clk 0:35:40]} 21. Qg4 {[%clk 0:30:59]} 21... Qe5 {[%clk 0:32:20]} 22. Qg2 {
[%clk 0:29:43]} 22... Rf7 {[%clk 0:25:47]} 23. c3 {[%clk 0:24:11]} 23... Raf8 {
[%clk 0:23:09]} 24. Bd4 {[%clk 0:22:34]} 24... Qh5 {[%clk 0:20:59]} 25. Qg4 {
[%clk 0:19:22]} 25... Qxg4+ {[%clk 0:20:08]} 26. hxg4 {[%clk 0:19:47]} 26...
Rf4 {[%clk 0:20:18]} 27. f3 {[%clk 0:16:41]} 27... Rxf3 {[%clk 0:20:02]} 28.
Rdf2 {[%clk 0:15:39]} 28... Rg3+ {[%clk 0:17:57]} 29. Rg2 {[%clk 0:16:02]}
29... Rxg2+ {[%clk 0:17:18]} 30. Kxg2 {[%clk 0:16:28]} 30... Rxf1 { [%clk
0:17:37]} 31. Kxf1 {[%clk 0:16:54]} 31... c5 {[%clk 0:17:43]} 32. Be3 { [%clk
0:16:50]} 32... Kf7 {[%clk 0:17:44]} 33. Ke2 {[%clk 0:15:58]} 33... Ke6 { [%clk
0:16:34]} 34. c4 {[%clk 0:15:22]} 34... Be5 {[%clk 0:15:35]} 35. b3 { [%clk
0:15:17]} 35... Bd6 {[%clk 0:10:17]} 36. Kf3 {[%clk 0:13:17]} 36... Ke5 { [%clk
0:08:47]} 37. Bc1 {[%clk 0:10:07]} 37... Kd4 {[%clk 0:04:04]} 38. Bb2+ { [%clk
0:10:29]} 38... Kd3 {[%clk 0:04:31]} 39. Bxg7 {[%clk 0:10:51]} 39... Kc2 {[%clk
0:04:39]} 40. Ke2 {[%clk 0:09:15]} 40... Kb1 {[%clk 0:04:44]} 41. Kd1 { [%clk
0:09:38]} 41... Kxa2 {[%clk 0:04:35]} 42. Kc2 {[%clk 0:10:03]} 42... c6 { [%clk
0:02:09]} 43. Bf6 {[%clk 0:06:23]} 43... Bf4 {[%clk 0:00:56]} 44. Bd8 { [%clk
0:03:09]} 44... Be3 {[%clk 0:25:05]} 45. Bb6 {[%clk 0:27:31]} 45... Ka3 { [%clk
0:24:37]} 46. Kc3 {[%clk 0:26:47]} 46... Bd4+ {[%clk 0:24:43]} 47. Kc2 { [%clk
0:26:32]} 47... Kb4 {[%clk 0:23:25]} 48. Bc7 {[%clk 0:24:01]} 48... b5 { [%clk
0:22:58]} 49. Bf4 {[%clk 0:22:15]} 49... bxc4 {[%clk 0:21:52]} 50. Bd2+ { [%clk
0:22:38]} 50... c3 {[%clk 0:22:14]} 51. Bc1 {[%clk 0:22:52]} 51... c4 { [%clk
0:21:20]} 52. bxc4 {[%clk 0:22:56]} 52... Kxc4 {[%clk 0:21:35]} 53. Bf4 { [%clk
0:22:10]} 53... a5 {[%clk 0:21:11]} 0-1

[Event "DEM U18w 2017"]
[Site "Willingen GER"]
[Date "2017.06.08"]
[Round "7"]
[White "Wächter, Nathalie"]
[Black "Halas, Julia"]
[Result "1-0"]
[Termination "normal"]
[Board "4"]
[WhiteElo "1994"]
[BlackElo "1855"]
[WhiteClock "00:11:04"]
[BlackClock "00:21:28"]
[PlyCount "99"]
[WhiteFideId "12921033"]
[BlackFideId "12931810"]
[EventCountry "GER"]
[EventRounds "9"]
[EventType "swiss"]
[EventDate "2017.06.03"]

1. d4 {[%clk 1:30:58]} 1... Nf6 {[%clk 1:30:55]} 2. c4 {[%clk 1:31:21]} 2... g6
{[%clk 1:31:20]} 3. Nc3 {[%clk 1:31:46]} 3... Bg7 {[%clk 1:31:45]} 4. e4 {
[%clk 1:32:13]} 4... d6 {[%clk 1:32:10]} 5. Be2 {[%clk 1:32:37]} 5... O-O {
[%clk 1:32:34]} 6. Nf3 {[%clk 1:32:58]} 6... e5 {[%clk 1:32:58]} 7. O-O { [%clk
1:33:06]} 7... Nc6 {[%clk 1:32:58]} 8. d5 {[%clk 1:33:28]} 8... Ne7 { [%clk
1:33:22]} 9. Be3 {[%clk 1:31:14]} 9... Ng4 {[%clk 1:30:58]} 10. Bg5 { [%clk
1:29:31]} 10... f6 {[%clk 1:26:29]} 11. Bd2 {[%clk 1:27:18]} 11... f5 { [%clk
1:17:36]} 12. exf5 {[%clk 1:22:27]} 12... gxf5 {[%clk 1:13:02]} 13. Ne1 { [%clk
1:13:46]} 13... Nf6 {[%clk 1:05:20]} 14. f4 {[%clk 1:07:48]} 14... e4 { [%clk
0:59:37]} 15. Be3 {[%clk 1:03:20]} 15... c5 {[%clk 0:57:48]} 16. Rb1 { [%clk
0:55:35]} 16... a5 {[%clk 0:54:33]} 17. a3 {[%clk 0:53:37]} 17... Bd7 { [%clk
0:47:43]} 18. b3 {[%clk 0:36:07]} 18... Ng4 {[%clk 0:41:48]} 19. Bxg4 { [%clk
0:35:14]} 19... Bxc3 {[%clk 0:42:04]} 20. Be2 {[%clk 0:34:59]} 20... Qe8 {[%clk
0:32:19]} 21. Bh5 {[%clk 0:32:33]} 21... Ng6 {[%clk 0:29:33]} 22. Qc1 { [%clk
0:29:44]} 22... Bd4 {[%clk 0:27:02]} 23. Qd2 {[%clk 0:21:24]} 23... Bg7 { [%clk
0:25:06]} 24. Nc2 {[%clk 0:20:59]} 24... b5 {[%clk 0:24:06]} 25. b4 { [%clk
0:18:05]} 25... axb4 {[%clk 0:22:53]} 26. axb4 {[%clk 0:18:18]} 26... cxb4
{[%clk 0:20:23]} 27. c5 {[%clk 0:17:08]} 27... Bc3 {[%clk 0:14:50]} 28. Qd1
{[%clk 0:16:36]} 28... dxc5 {[%clk 0:09:11]} 29. Bxc5 {[%clk 0:16:58]} 29...
Rf6 {[%clk 0:07:57]} 30. Nxb4 {[%clk 0:15:32]} 30... e3 {[%clk 0:06:00]} 31.
Qe2 {[%clk 0:04:50]} 31... Bxb4 {[%clk 0:02:20]} 32. Rxb4 {[%clk 0:04:32]}
32... Ra3 {[%clk 0:01:45]} 33. Rd4 {[%clk 0:01:17]} 33... Qa8 {[%clk 0:01:46]}
34. Bxa3 {[%clk 0:01:11]} 34... Qxa3 {[%clk 0:02:07]} 35. Rd3 {[%clk 0:01:26]}
35... Qa4 {[%clk 0:01:38]} 36. Qxe3 {[%clk 0:01:23]} 36... b4 {[%clk 0:01:44]}
37. Rc1 {[%clk 0:01:04]} 37... b3 {[%clk 0:01:35]} 38. Rxb3 {[%clk 0:01:00]}
38... Nxf4 {[%clk 0:01:39]} 39. Rb8+ {[%clk 0:01:12]} 39... Rf8 {[%clk 0:01:20]
} 40. Qg3+ {[%clk 0:01:21]} 40... Ng6 {[%clk 0:01:43]} 41. Rxf8+ { [%clk
0:25:50]} 41... Kxf8 {[%clk 0:32:06]} 42. Qd6+ {[%clk 0:26:02]} 42... Kg7
{[%clk 0:29:44]} 43. Bxg6 {[%clk 0:24:18]} 43... hxg6 {[%clk 0:29:47]} 44. h3 {
[%clk 0:22:17]} 44... Qd4+ {[%clk 0:26:30]} 45. Kh1 {[%clk 0:22:01]} 45... Bb5
{[%clk 0:26:16]} 46. Qe7+ {[%clk 0:19:26]} 46... Kh6 {[%clk 0:26:37]} 47. d6 {
[%clk 0:16:48]} 47... Qf2 {[%clk 0:24:32]} 48. h4 {[%clk 0:14:25]} 48... Qf4 {
[%clk 0:22:46]} 49. Rd1 {[%clk 0:11:46]} 49... Bc6 {[%clk 0:21:28]} 50. Qg5+ {
[%clk 0:11:04]} 1-0

[Event "DEM U18w 2017"]
[Site "Willingen GER"]
[Date "2017.06.08"]
[Round "7"]
[White "Ley, Sabrina"]
[Black "Klenk, Sofie"]
[Result "1/2-1/2"]
[Termination "normal"]
[Board "5"]
[WhiteElo "1888"]
[BlackElo "1876"]
[WhiteClock "00:01:05"]
[BlackClock "00:12:53"]
[PlyCount "107"]
[WhiteFideId "12938130"]
[BlackFideId "12996653"]
[EventCountry "GER"]
[EventRounds "9"]
[EventType "swiss"]
[EventDate "2017.06.03"]

1. e4 {[%clk 1:30:58]} 1... c5 {[%clk 1:30:56]} 2. Nc3 {[%clk 1:31:22]} 2...
Nc6 {[%clk 1:31:21]} 3. Bb5 {[%clk 1:31:47]} 3... Nd4 {[%clk 1:31:44]} 4. Bc4 {
[%clk 1:32:10]} 4... e6 {[%clk 1:31:49]} 5. Nge2 {[%clk 1:31:31]} 5... g6 {
[%clk 1:28:12]} 6. d3 {[%clk 1:27:11]} 6... Bg7 {[%clk 1:27:34]} 7. O-O { [%clk
1:20:13]} 7... a6 {[%clk 1:21:32]} 8. a4 {[%clk 1:19:10]} 8... Ne7 { [%clk
1:20:28]} 9. Nf4 {[%clk 1:02:08]} 9... O-O {[%clk 1:18:26]} 10. Nce2 { [%clk
0:53:06]} 10... Nxe2+ {[%clk 1:15:39]} 11. Qxe2 {[%clk 0:50:16]} 11... b6
{[%clk 1:13:40]} 12. c3 {[%clk 0:42:48]} 12... Bb7 {[%clk 1:13:28]} 13. Rd1 {
[%clk 0:36:48]} 13... d5 {[%clk 1:09:19]} 14. Ba2 {[%clk 0:29:25]} 14... Qc7 {
[%clk 1:03:06]} 15. Nh3 {[%clk 0:20:46]} 15... dxe4 {[%clk 0:59:20]} 16. dxe4 {
[%clk 0:20:11]} 16... Rad8 {[%clk 0:45:05]} 17. Bf4 {[%clk 0:16:53]} 17... Qc6
{[%clk 0:44:35]} 18. f3 {[%clk 0:16:44]} 18... b5 {[%clk 0:33:33]} 19. axb5 {
[%clk 0:15:31]} 19... axb5 {[%clk 0:33:54]} 20. Bb3 {[%clk 0:14:14]} 20... c4 {
[%clk 0:24:25]} 21. Bc2 {[%clk 0:14:25]} 21... Nc8 {[%clk 0:24:10]} 22. Nf2 {
[%clk 0:12:46]} 22... Nb6 {[%clk 0:18:43]} 23. Ng4 {[%clk 0:11:16]} 23... Nd7 {
[%clk 0:16:27]} 24. Qe3 {[%clk 0:07:59]} 24... Qc5 {[%clk 0:03:26]} 25. Qxc5 {
[%clk 0:07:38]} 25... Nxc5 {[%clk 0:03:54]} 26. Bd6 {[%clk 0:06:53]} 26... Rc8
{[%clk 0:02:02]} 27. Bxf8 {[%clk 0:04:27]} 27... Bxf8 {[%clk 0:02:16]} 28. Ra5
{[%clk 0:03:07]} 28... Bc6 {[%clk 0:02:19]} 29. Ne5 {[%clk 0:03:02]} 29... Be8
{[%clk 0:02:26]} 30. Rda1 {[%clk 0:02:39]} 30... Bg7 {[%clk 0:01:20]} 31. Ra8 {
[%clk 0:01:25]} 31... Rxa8 {[%clk 0:01:45]} 32. Rxa8 {[%clk 0:01:51]} 32... Kf8
{[%clk 0:02:13]} 33. Nc6 {[%clk 0:01:05]} 33... f5 {[%clk 0:02:20]} 34. exf5 {
[%clk 0:00:58]} 34... exf5 {[%clk 0:02:45]} 35. Nb4 {[%clk 0:00:49]} 35... Kf7
{[%clk 0:02:45]} 36. Rc8 {[%clk 0:00:39]} 36... Ne6 {[%clk 0:02:14]} 37. Kf2 {
[%clk 0:00:41]} 37... Bh6 {[%clk 0:02:12]} 38. b3 {[%clk 0:00:40]} 38... Bd2 {
[%clk 0:02:08]} 39. bxc4 {[%clk 0:00:35]} 39... Bxc3 {[%clk 0:01:23]} 40. Nd3 {
[%clk 0:00:40]} 40... Bd4+ {[%clk 0:01:13]} 41. Kf1 {[%clk 0:25:00]} 41... bxc4
{[%clk 0:31:11]} 42. Rxc4 {[%clk 0:17:35]} 42... Bb5 {[%clk 0:30:01]} 43. Rb4 {
[%clk 0:16:45]} 43... Ba6 {[%clk 0:29:59]} 44. g3 {[%clk 0:15:34]} 44... Kf6 {
[%clk 0:21:45]} 45. Kg2 {[%clk 0:14:19]} 45... g5 {[%clk 0:21:33]} 46. Nf2 {
[%clk 0:12:54]} 46... h5 {[%clk 0:20:42]} 47. Ra4 {[%clk 0:10:58]} 47... Be2 {
[%clk 0:19:03]} 48. Ra5 {[%clk 0:09:46]} 48... Nc5 {[%clk 0:17:13]} 49. Ra8 {
[%clk 0:06:59]} 49... Ne6 {[%clk 0:16:14]} 50. Bb3 {[%clk 0:06:16]} 50... g4 {
[%clk 0:13:53]} 51. fxg4 {[%clk 0:04:50]} 51... hxg4 {[%clk 0:14:20]} 52. Bd1 {
[%clk 0:03:30]} 52... Bc4 {[%clk 0:14:01]} 53. Ra5 {[%clk 0:02:37]} 53... Nc5 {
[%clk 0:12:53]} 54. Rxc5 {[%clk 0:01:05]} 1/2-1/2

[Event "DEM U18w 2017"]
[Site "Willingen GER"]
[Date "2017.06.08"]
[Round "7"]
[White "Hartmann, Cora"]
[Black "Schumann, Rabea"]
[Result "1/2-1/2"]
[Termination "normal"]
[Board "6"]
[WhiteElo "1788"]
[BlackElo "1858"]
[WhiteClock "00:13:17"]
[BlackClock "00:05:43"]
[PlyCount "91"]
[WhiteFideId "16200764"]
[BlackFideId "12918199"]
[EventCountry "GER"]
[EventRounds "9"]
[EventType "swiss"]
[EventDate "2017.06.03"]

1. e4 {[%clk 1:30:58]} 1... c5 {[%clk 1:30:53]} 2. Nf3 {[%clk 1:31:23]} 2...
Nc6 {[%clk 1:31:17]} 3. Bb5 {[%clk 1:31:49]} 3... g6 {[%clk 1:31:27]} 4. Bxc6 {
[%clk 1:32:13]} 4... dxc6 {[%clk 1:31:46]} 5. h3 {[%clk 1:32:30]} 5... Bg7 {
[%clk 1:31:47]} 6. d3 {[%clk 1:32:55]} 6... Qc7 {[%clk 1:31:22]} 7. Nc3 { [%clk
1:33:00]} 7... e5 {[%clk 1:29:52]} 8. Be3 {[%clk 1:33:10]} 8... b6 { [%clk
1:30:06]} 9. Qd2 {[%clk 1:33:20]} 9... Nf6 {[%clk 1:28:34]} 10. Bh6 { [%clk
1:31:17]} 10... O-O {[%clk 1:26:42]} 11. O-O-O {[%clk 1:28:59]} 11... Nh5
{[%clk 1:24:06]} 12. Ne2 {[%clk 1:20:33]} 12... f6 {[%clk 1:04:58]} 13. g4 {
[%clk 1:07:54]} 13... Bxh6 {[%clk 1:03:25]} 14. Qxh6 {[%clk 1:08:15]} 14... Ng7
{[%clk 0:50:16]} 15. Nh4 {[%clk 0:50:43]} 15... g5 {[%clk 0:42:43]} 16. Nf5 {
[%clk 0:49:05]} 16... Nxf5 {[%clk 0:35:51]} 17. gxf5 {[%clk 0:48:46]} 17... Qg7
{[%clk 0:36:08]} 18. Qh5 {[%clk 0:47:58]} 18... Qf7 {[%clk 0:35:52]} 19. Qg4 {
[%clk 0:44:09]} 19... h5 {[%clk 0:33:02]} 20. Qg2 {[%clk 0:40:53]} 20... Kh7 {
[%clk 0:30:15]} 21. h4 {[%clk 0:37:46]} 21... g4 {[%clk 0:25:56]} 22. Ng3 {
[%clk 0:36:56]} 22... Ba6 {[%clk 0:22:51]} 23. b3 {[%clk 0:31:32]} 23... Rad8 {
[%clk 0:19:36]} 24. f3 {[%clk 0:29:06]} 24... Rg8 {[%clk 0:13:43]} 25. Rdg1 {
[%clk 0:21:03]} 25... gxf3 {[%clk 0:06:58]} 26. Qxf3 {[%clk 0:21:27]} 26... Kh6
{[%clk 0:07:08]} 27. Ne2 {[%clk 0:14:52]} 27... Bb7 {[%clk 0:03:17]} 28. Rxg8 {
[%clk 0:11:51]} 28... Rxg8 {[%clk 0:03:37]} 29. Rg1 {[%clk 0:11:54]} 29...
Rxg1+ {[%clk 0:02:17]} 30. Nxg1 {[%clk 0:12:23]} 30... Qg7 {[%clk 0:02:07]} 31.
Ne2 {[%clk 0:12:45]} 31... Qg4 {[%clk 0:01:48]} 32. Qxg4 {[%clk 0:12:50]} 32...
hxg4 {[%clk 0:02:12]} 33. Ng3 {[%clk 0:13:14]} 33... a5 {[%clk 0:02:27]} 34.
Kd2 {[%clk 0:13:07]} 34... b5 {[%clk 0:02:29]} 35. a3 {[%clk 0:09:15]} 35...
Ba6 36. Kc3 {[%clk 0:06:59]} 36... Bb7 {[%clk 0:02:11]} 37. b4 {[%clk 0:07:10]}
37... cxb4+ {[%clk 0:01:54]} 38. axb4 {[%clk 0:07:30]} 38... a4 {[%clk 0:02:20]
} 39. Kb2 {[%clk 0:07:36]} 39... Ba6 {[%clk 0:02:14]} 40. c3 {[%clk 0:05:52]}
40... Bb7 {[%clk 0:01:32]} 41. Ka3 {[%clk 0:04:14]} 41... Ba6 {[%clk 0:27:11]}
42. d4 {[%clk 0:31:29]} 42... Bb7 {[%clk 0:21:31]} 43. Kb2 {[%clk 0:29:13]}
43... Ba8 {[%clk 0:17:34]} 44. dxe5 {[%clk 0:28:38]} 44... fxe5 {[%clk 0:17:57]
} 45. Nf1 {[%clk 0:24:20]} 45... Kh5 {[%clk 0:05:43]} 46. Ng3+ {[%clk 0:13:17]}
1/2-1/2

[Event "DEM U18w 2017"]
[Site "Willingen GER"]
[Date "2017.06.08"]
[Round "7"]
[White "Simon, Tessa"]
[Black "Yi, Wendy"]
[Result "1/2-1/2"]
[Termination "normal"]
[Board "7"]
[WhiteElo "1882"]
[BlackElo "1693"]
[PlyCount "81"]
[WhiteFideId "12929395"]
[BlackFideId "16224850"]
[EventCountry "GER"]
[EventRounds "9"]
[EventType "swiss"]
[EventDate "2017.06.03"]

1. e4 c6 2. d4 d5 3. exd5 cxd5 4. c4 Nf6 5. Nc3 Nc6 6. Bg5 dxc4 7. d5 Ne5 8.
Qd4 h6 9. Bf4 Ng6 10. Bxc4 Nxf4 11. Qxf4 a6 12. Rd1 Qd6 13. Nge2 Bd7 14. O-O
Rc8 15. Bb3 g6 16. Rfe1 h5 17. Qxd6 exd6 18. Nd4+ Kd8 19. Na4 Be7 20. Nb6 Rc5
21. Rc1 Ng4 22. h3 Bf6 23. Rcd1 Nh6 24. Bc4 Rc7 25. b3 Re8 26. Rxe8+ Bxe8 27.
Kf1 Re7 28. Be2 Re4 29. Nf3 Kc7 30. Nc4 Kd7 31. Bd3 Rf4 32. Ke2 Nf5 33. Bxf5+
Rxf5 34. Ne3 Rf4 35. g3 Rb4 36. Rc1 Kd8 37. Nc4 Bb5 38. Nfd2 Kd7 39. Kf3 Bd4
40. Ne4 Bxc4 41. Rxc4 1/2-1/2

[Event "DEM U18w 2017"]
[Site "Willingen GER"]
[Date "2017.06.08"]
[Round "7"]
[White "Leser, Katrin"]
[Black "Diener, Carolin Valeria"]
[Result "1-0"]
[Termination "normal"]
[Board "8"]
[WhiteElo "1912"]
[BlackElo "1909"]
[PlyCount "63"]
[WhiteFideId "12997692"]
[BlackFideId "24699063"]
[EventCountry "GER"]
[EventRounds "9"]
[EventType "swiss"]
[EventDate "2017.06.03"]

1. e4 e5 2. Nf3 Nc6 3. Bb5 a6 4. Ba4 Nf6 5. O-O Nxe4 6. d4 exd4 7. Re1 d5 8.
Nxd4 Bd6 9. Nxc6 Bxh2+ 10. Kf1 Qh4 11. Be3 O-O 12. Nd4 Bg4 13. Nf3 Qh5 14. Nbd2
Be5 15. Qc1 Rad8 16. c3 f5 17. Bd1 Qh1+ 18. Ng1 Bh2 19. f3 Ng3+ 20. Kf2 Bxg1+
21. Rxg1 Qh4 22. Nf1 Ne4+ 23. Ke2 Bh5 24. Kd3 Nd6 25. Bb3 c6 26. Bg5 Qf2 27.
Bxd8 Qxg1 28. Be7 c5 29. Bxd5+ Bf7 30. Bxf8 c4+ 31. Kc2 Kxf8 32. Bxf7 1-0

[Event "DEM U18w 2017"]
[Site "Willingen GER"]
[Date "2017.06.08"]
[Round "7"]
[White "Sewald, Kathrin"]
[Black "Schulz, Theresa Charlotte"]
[Result "1-0"]
[Termination "normal"]
[Board "9"]
[WhiteElo "1902"]
[BlackElo "1595"]
[PlyCount "75"]
[WhiteFideId "12964557"]
[BlackFideId "12952206"]
[EventCountry "GER"]
[EventRounds "9"]
[EventType "swiss"]
[EventDate "2017.06.03"]

1. e4 c5 2. d3 Nc6 3. g3 g6 4. Bg2 Bg7 5. f4 e6 6. c3 Nge7 7. Nf3 O-O 8. O-O d5
9. Qe2 Qc7 10. g4 Bd7 11. h4 b5 12. Be3 d4 13. cxd4 Nxd4 14. Nxd4 cxd4 15. Bc1
Rfc8 16. Na3 b4 17. Nc4 Nc6 18. Bd2 a5 19. Rac1 f6 20. Rf3 e5 21. f5 Rf8 22.
Rg3 Be8 23. Rf1 h6 24. g5 fxg5 25. hxg5 hxg5 26. Bxg5 Nd8 27. f6 Bh8 28. Qg4
Rf7 29. Bh4 Rh7 30. Bh3 Ra6 31. Qg5 Ne6 32. Bxe6+ Rxe6 33. Rg4 Bf7 34. Bg3 Kf8
35. Nxe5 Qd8 36. Nxg6+ Bxg6 37. Qxg6 Qd7 38. Qg8# 1-0